Κατάλογος Βιβλιοθηκών Mediterranean College

Την Κατάργηση του ΕΝ.Φ.Ι.Α. Πρότεινε ο Πρόεδρος του Ε.Β.Ε.Α. / Υπόμνημα στον Πρωθυπουργό για την Πορεία της Ελληνικής Οικονομίας (Record no. 8984)

MARC details
000 -LEADER
fixed length control field 01448cam a22001814a 4500
005 - ΗΜΕΡΟΜΗΝΙΑ ΚΑΙ ΩΡΑ ΤΕΛΕΥΤΑΙΑΣ ΕΝΗΜΕΡΩΣΗΣ
Πεδίο ελέγχου 20250605164349.0
008 - FIXED-LENGTH DATA ELEMENTS--GENERAL INFORMATION
Πεδίο ελέγχου σταθερού μήκους 250528s ||||||||||||||||||||||||d
035 ## - SYSTEM CONTROL NUMBER
System control number 24085
040 ## - ΠΗΓΗ ΚΑΤΑΛΟΓΟΓΡΑΦΗΣΗΣ
Φορέας πρωτότυπης καταλογογράφησης MC Athens Campus Library
Γλώσσα καταλογογράφησης Ελληνικά, Μοντέρνα (1453-)
Modifying agency MC Athens Campus Library
Κανόνες περιγραφικής καταλογογράφησης AACR2
245 1# - ΤΙΤΛΟΣ ΚΑΙ ΔΗΛΩΣΗ ΥΠΕΥΘΥΝΟΤΗΤΑΣ
Τίτλος Την Κατάργηση του ΕΝ.Φ.Ι.Α. Πρότεινε ο Πρόεδρος του Ε.Β.Ε.Α. / Υπόμνημα στον Πρωθυπουργό για την Πορεία της Ελληνικής Οικονομίας
260 ## - PUBLICATION, DISTRIBUTION, ETC.
Name of publisher, distributor, etc. Εμπορικό Και Βιομηχανικό Επιμελητήριο Αθηνών,
Date of publication, distribution, etc. 2014
300 ## - PHYSICAL DESCRIPTION
Extent 64
520 ## - SUMMARY, ETC.
Summary, etc. Ενημερωτική Εκδήλωση της Θ.Ε.Α. στο INNOVATHENS, Ο Θεσμός του Ευρωπαίου Διαμεσολαβητή, Εν Αναμονή Σοβαρών Αποφάσεων, Η Βελτίωση της Ελληνικής Οικονομίας Ανεβάζχει καστά Δέκα Θέσεις την Ανταγωνιστικότητα της Χώρας στην Παγκόσμια Κατάταξη, Παγιδευμένοι στη Φορολογική Νομοθεσία οι Ιδιοκτήτες Ακινήτων, Ο Διαγωνισμός για τις Έρευνες Υδρογοναθράκων, Το Ποσοτικό θα Υπερισχύσει και Πάλι του Ποιοτικού.
700 1# - ΠΡΟΣΘΕΤΗ ΑΝΑΓΡΑΦΗ--ΦΥΣΙΚΟ ΠΡΟΣΩΠΟ
Personal name Μίχαλος Κωνσταντίνος
9 (RLIN) 4319
942 ## - ADDED ENTRY ELEMENTS (KOHA)
Koha item type Περιοδικά Δημοσιεύματα
Holdings
Τύπος τεκμηρίου Βιβλιοθήκη Τρέχουσα τοποθεσία Barcode Ημερομηνία απόκτησης Ταξιθετικό σύμβολο Αριθμός αντιτύπου Αρίθμηση σειρών / χρονολογία Κατάσταση απόσυρσης Κατάσταση χαμένου Κατάσταση κατεστραμμένου Μη δανεισμός Σύνολο δανεισμών Ημερομηνία τελευταίας εμφάνισης Η τιμή ισχύει από
Περιοδικά Δημοσιεύματα MC Athens Campus Library MC Athens Campus Library 9780000089830 05/06/2025 ΑΝΑΠΤΥΞΗ 1 8           05/06/2025 05/06/2025

MC Athens Campus Library
Πατησίων 94 & Κοδριγκτώνος 13, 104 34
Πελλήνης 8 & Πατησίων 107, 112 51
Τ: +30 210 8899600

MC Thessaloniki Campus Library
Ίωνος Δραγούμη 21, 54625 | Ίωνος Δραγούμη 15, 54625
Τ: +30 2310 287779 – Τ: +30 2314 440300